000
00321nam a2200145Ia 4500
008
230605s2000 xx 000 0 und d
041
_a
eng
245
_a
Management Information System
260
_b
Zerox Copy
_c
2000
300
_a
96
365
_b
36.96
500
_a
180
520
_a
General
650
_a
Computer
999
_c
418240
_d
418240